000
00275nam a2200109Ia 4500
008
230822s2010 xx 000 0 und d
041
_a
eng
100
_a
MORE SHAMRAO
245
_a
AVANI SAMRAT LOKSHAHIR PATHE BAPURAO
260
_b
VIJAYA MADHAV AADKAR
_c
2010
300
_a
200
999
_c
858313
_d
858313